University Home | Library Home | Institutional Repository

Politics of the sword. (Record no. 8436)

MARC details
000 -LEADER
fixed length control field 00593cam8a220021700 4500
001 - CONTROL NUMBER
control field zam00002919
008 - FIXED-LENGTH DATA ELEMENTS--GENERAL INFORMATION
fixed length control field 951128s1977 xx eng u
035 ## - SYSTEM CONTROL NUMBER
System control number (Sirsi) r20256
035 ## - SYSTEM CONTROL NUMBER
System control number (MACHINE)SLC.
100 ## - MAIN ENTRY--PERSONAL NAME
Personal name Ocran, A. K.
Linkage A81536.1
245 10 - TITLE STATEMENT
Title Politics of the sword.
260 ## - PUBLICATION, DISTRIBUTION, ETC.
Date of publication, distribution, etc. 1977.
591 ## -
-- Class code: H 230.
591 ## -
-- Course: History of modern Africa.
591 ## -
-- School: S05.
591 ## -
-- Lecturer: Dr. MULENGA, M.N.
591 ## -
-- Number of Students: 24.
949 ## - LOCAL PROCESSING INFORMATION (OCLC)
a DT512
w lcc
c 1
m MAIN
p 2500
t SHORTLOAN
l SHORTLOAN
909 ## -
-- Book
Holdings
Withdrawn status Lost status Source of classification or shelving scheme Damaged status Not for loan Home library Current library Shelving location Total Checkouts Full call number Barcode Date last seen Copy number Price effective from Koha item type
    Library of Congress Classification     Main Library Main Library Academic reserves/Short loan   DT512 33729000117742 08/12/2019 1 08/12/2019 Short Loan material
© 2026 - The University of Zambia Library - Koha v25.11